000 00869nam a2200217Ii 4500
003 JO-AjNU
008 230605s9999||||xx |||||||||||||| ||und||
017 _a14165
020 _a978-977-477-098-2
040 _aJO-AjNU
_bara
_erda
_cJO-AjNU
041 _aara
050 1 4 _aZ678.9 2013
100 3 _aخميس ، اسامة محمد عطية ,
_eauthor
_944820
245 0 0 _aالكيانات الرقمية (المحتوى الرقمي) في المستودعات الرقمية على شبكة الانترنت ج 2 التنظيم..الاسترجاع..التصور المقترح..التجريب
264 3 1 _aالقاهرة : الشركة العربية المتحدة ،2013
300 _a594ص
336 _atext
_btxt
_2rdacontent
337 _aunmediated
_bn
_2rdamedia
338 _avolume
_bnc
_2rdacarrier
650 4 _aالمكتبات-ميكنة
_944821
999 _aA19382
_c22950
_d22950